KOHA-Header-6

رسالہ شاہ عبداللطیف بھٹائی رح (Record no. 12493)

000 -LEADER
fixed length control field 00277nam a2200097Ia 4500
100 ## - MAIN ENTRY--AUTHOR NAME
Personal name شیخ ایاز
245 #0 - TITLE STATEMENT
Title رسالہ شاہ عبداللطیف بھٹائی رح
260 ## - PUBLICATION, DISTRIBUTION, ETC. (IMPRINT)
Place of publication کراچی
Name of publisher سندھیکا اکیڈمی
Year of publication ٢٠٠٥
300 ## - PHYSICAL DESCRIPTION
Number of Pages ٦٦٣ صفحات
942 ## - ADDED ENTRY ELEMENTS (KOHA)
Koha item type Books
Holdings
Withdrawn status Lost status Collection code Permanent Location Current Location Shelving location Date acquired Full call number Accession Number Koha item type
    Urdu Literature MAJU MAJU Shelf No.A10 2020-08-12 891.43 2596 Urdu Literature

Powered by Koha